Les chansons de Leto - Mort subite - Statistiques

Statistiques générales
  • Ce quiz a été pris 315 fois
  • Le résultat moyen est 8 sur 12
Answers on the Grid
Answers color-coded by a green-red scale on the quiz's grid according to % correct below.
J'crois qu'ils ont pas compris
J'crois qu'ils ont bien compris
Tes parents
Macaroni
Jeu dangereux
17%
TNF
Trapstar
A&H
Rihanna
Beyoncé
Détruire et aimer
Mélodie
SENTIMENTS BILLETS DE 100
SENTIMENTS BILLETS DE 200
La clé
Détruire et réparer
TMF
18%
Jeu gagnant
 
Statistiques - réponses
Réponse % Correct
Macaroni
75%
Tes parents
71%
17%
70%
J'crois qu'ils ont pas compris
69%
Trapstar
69%
A&H
66%
SENTIMENTS BILLETS DE 100
64%
Rihanna
60%
Jeu dangereux
56%
Mélodie
55%
Détruire et aimer
53%
TNF
51%
Aucun quiz correspondant
Distribution des résultats
% des personnes avec chaque résultat
Percentile par nombre de réponses
Votre historique - résultats
Vous n’avez pas pris ce quiz